000 01144cam a2200301 4500
001 B1155
008 090401t1987 xxu||||| |||| 00| 0 eng d
035 _a(Sirsi) u42854
041 _aeng
050 _a690.20285
090 _aRICS 1987/30AB
110 _aRoyal Institution of Chartered Surveyors
_94900
245 _aEffective computer solutions. One-day conference at University of Manchester, 23 September 1987
260 _c1987
300 _a4 papers
350 _a0
520 _aBuilding Surveyors Division. Papers by: Kronenberg,J.S. , Mika,S.L.J. , Noton,N.H. and Spencer,R.J. Topics covered: applications of computer-aided drafting to building surveying in general, refurbishment work in particular, and use of computers/word processors in office management and survey report preparation.
650 _aBUILT ENVIRONMENT-BUILDING INSPECTION
650 _aCOMPUTER-AIDED DESIGN
650 _aCOMPUTER-AIDED DRAFTING
650 _aCOMPUTERS
650 _aOFFICE MANAGEMENT
650 _aRefurbishment
_96264
650 _aSurvey reports
_96270
650 _aWORD PROCESSING
942 _n0
948 _c04/03/1997
999 _c91192
_d91192